00592nam a22002057a 450000500170000001000130001702000230003003500130005303700160006604000120008208200130009410000190010724500580012626000360018427000500022030000290027050000190029965000400031865000280035820170124110216.0 aA-840287 c160.00a8174761535 aA-840287 bCen Lib/Ret aDPLbEN a921bAKB aAkbar, Khatija aMadhubala : cby Khatija Akbarbher life, her films / bUBS Publishersc1997aNew Delhi a5, Ansari Road, Darya GanjbNew Delhie110002 a228p. :c21cm(pbk)bill. aIncludes index aMotion picture actors and actresses aMadhubala, -- 1933-1969